MARC details
| 000 -CABECERA |
| campo de control de longitud fija |
01067nam a2200253 a 4500 |
| 001 - NÚMERO DE CONTROL |
| campo de control |
000026046 |
| 005 - FECHA Y HORA DE LA ÚLTIMA TRANSACCIÓN |
| campo de control |
20200930024245.0 |
| 008 - DATOS DE LONGITUD FIJA--INFORMACIÓN GENERAL |
| campo de control de longitud fija |
110217s1992 mx a r 000 | spa d |
| 020 ## - NÚMERO INTERNACIONAL ESTÁNDAR DEL LIBRO |
| Número Internacional Estándar del Libro |
9688802441 |
| 040 ## - FUENTE DE LA CATALOGACIÓN |
| Centro catalogador/agencia de origen |
DO-SdBNP |
| Lengua de catalogación |
spa |
| Centro/agencia transcriptor |
BNPHU |
| 041 ## - CÓDIGO DE LENGUA |
| Código de lengua del texto/banda sonora o título independiente |
spa |
| Código de lengua original |
eng |
| Fuente del código |
Código de idioma MARC |
| 082 ## - NÚMERO DE LA CLASIFICACIÓN DECIMAL DEWEY |
| Número de clasificación |
621.3815 |
| Número de documento/Ítem |
W149d |
| 049 ## - FONDOS LOCALES (OCLC) |
| Fondos de biblioteca |
BNGR |
| 100 1# - ENTRADA PRINCIPAL--NOMBRE DE PERSONA |
| Nombre de persona |
Wakerly, John F. , |
| 9 (RLIN) |
5116 |
| 240 #0 - TÍTULO UNIFORME |
| Título uniforme |
Digital Design Principles and Practices. |
| Lenguaje de la obra |
Español |
| 245 10 - MENCIÓN DE TÍTULO |
| Título |
Diseño digital : |
| Resto del título |
principios y prácticas / |
| Mención de responsabilidad, etc. |
John F. Wakerly ; traducción Raymundo Hugo Rangel Guitierrez ; revisión técnica Isabel Quintas; edición José Tomas Pérez Bonilla. |
| 260 ## - PUBLICACIÓN, DISTRIBUCIÓN, ETC. |
| Lugar de publicación, distribución, etc. |
México, D. F. : |
| Nombre del editor, distribuidor, etc. |
Prentice Hall Hispanoamericana, |
| Fecha de publicación, distribución, etc. |
1992. |
| 300 ## - DESCRIPCIÓN FÍSICA |
| Extensión |
xxiii, 734 p. : |
| Otras características físicas |
il. ; |
| Dimensiones |
24 cm. |
| 534 ## - NOTA SOBRE LA VERSIÓN ORIGINAL |
| Encabezamiento principal del original |
Título original : |
| Mención de título del original |
Digital Design Principles and Practices. |
| 500 ## - NOTA GENERAL |
| Nota general |
Incluye índice : p. 717-734 |
| 650 #4 - PUNTO DE ACCESO ADICIONAL DE MATERIA--TÉRMINO DE MATERIA |
| Término de materia o nombre geográfico como elemento de entrada |
Circuitos integrados digitales |
| Subdivisión general |
Diseño y construcción |
| 9 (RLIN) |
5118 |
| 700 1# - PUNTO DE ACCESO ADICIONAL--NOMBRE DE PERSONA |
| Nombre de persona |
Rangel Guitierrez, Raymundo Hugo, |
| Término indicativo de función/relación |
tr. |
| 9 (RLIN) |
52985 |
| 700 1# - PUNTO DE ACCESO ADICIONAL--NOMBRE DE PERSONA |
| Nombre de persona |
Pérez Bonilla, José Tomas, |
| Término indicativo de función/relación |
ed. |
| 9 (RLIN) |
22 |